UBT Library

Linjat fleksibile të procesit teknologjik në industrinë e materialit ndërtimor "Vëllezërit Geci" në Skënderaj (Record no. 45663)

000 -LEADER
fixed length control field 00361nam a22001217a 4500
008 - FIXED-LENGTH DATA ELEMENTS--GENERAL INFORMATION
fixed length control field 180504b xxu||||| |||| 00| 0 eng d
041 ## - LANGUAGE CODE
Language code of text/sound track or separate title eng
080 ## - UNIVERSAL DECIMAL CLASSIFICATION NUMBER
Universal Decimal Classification number 043.3
100 ## - Rafti
Rafti 0
101 ## - Shkurtesa
Shkurtesa MEK-MTH
245 ## - TITLE STATEMENT
Title Linjat fleksibile të procesit teknologjik në industrinë e materialit ndërtimor "Vëllezërit Geci" në Skënderaj
Statement of responsibility, etc Veseli,Sh
942 ## - ADDED ENTRY ELEMENTS (KOHA)
Source of classification or shelving scheme
Item type Books
Holdings
Withdrawn status Lost status Source of classification or shelving scheme Damaged status Not for loan Collection code Permanent location Current location Shelving location Date acquired Total Checkouts Full call number Barcode Date last seen Price effective from Koha item type
          Koleksioni i përgjithshem UBT - Lipjan UBT - Lipjan Disertacionet 05/04/2018   043.3 Veseli, Sh 2015 002-3003701 05/04/2018 05/04/2018 Books
          Koleksioni i përgjithshem UBT - Lipjan UBT - Lipjan Disertacionet 05/04/2018   043.3 Veseli, Sh 2015 002-3003706 05/04/2018 05/04/2018 Books
          Koleksioni i përgjithshem UBT - Lipjan UBT - Lipjan Disertacionet 05/04/2018   043.3 Veseli, Sh 2015 002-3003711 05/04/2018 05/04/2018 Books
          Koleksioni i përgjithshem UBT - Lipjan UBT - Lipjan Disertacionet 05/04/2018   043.3 Veseli, Sh 2015 002-3003716 05/04/2018 05/04/2018 Books
UBT Library © 2015-2024. All rights reserved University Education for Business and Technology